000 00245nam a2200097Ia 4500
001 834473
005 20250826172435.0
008 250824s9999 xx 000 0 und d
245 0 _aDÖRT KOZALAK
_cKARİN KARAKAŞLI
260 _bGÜNIŞIĞI YAYINLARI
999 _c834473
_d834473